MDQL
is popping MORE tags! Check the
thread
!
Quizzes
Events
Quiz Creation
Community
Videos
Private Events
Remove Ads
Sign In
Join for FREE
Feedback
Dark Mode
Quiz Categories
Sports
Geography
Music
Movies
Television
Just For Fun
Miscellaneous
History
Literature
Language
Science
Gaming
Entertainment
Religion
Holiday
For Kids
Quiz Lab
Recent
Popular Today
Quiz Kudos Today
Editor Picks
Curator Picks
Quizzes by...
Day
Popularity
Type
Ratings
Length
Year
Community
Subscriptions
Recent Discussions
Orange Saloon
Badges
Playlists
Quests
Create
Leaderboards
Showdown
Live 5
Trivia Bingo
Activity
Puzzle Library
Sporcle Events
Private Events
Virtual Trivia
Globe League
Become a Host
Pub Owners
SporcleCon
Opinionation
Our Games
Videos
Blog
Mobile Apps
Partnerships
Remove Ads and Go Orange
Feedback
Entertainment
Celebrity
Famous
Musical
Broadway
Show
Quote
Comic Books
Anime
Superhero
DC Comics
Marvel
Cartoons
Animation
Entertainment
Celebrity
Famous
Musical
Broadway
Show
Quote
Comic Books
Anime
Superhero
DC Comics
Marvel
Cartoons
Animation
Random Quiz
Search Sporcle
×
Quiz Lab
Quiz Lab
Entertainment
Anime
Type answers based on single images at one time
Type answers based on single images at one time
Slideshow
Best Score? Go Orange.
Psychological anime Stats
Can you name the Psychological anime?
By
jpablojr
10m
32 Questions
535 Plays
535 Plays
535 Plays
Comments
Comments
Give Quiz Kudos
Give Quiz Kudos
-
- Ratings
hide this ad
Replay
Link that replays current quiz
Next Quiz
Link to next quiz in quiz playlist
You Got
0%
They Got
Avg Score
67%
Avg Friend Score
Upgrade to see
Score Distribution
Jump to the score distribution portion of the page
Score
0/32
Timer
10:00
0
Plays Today
% Correct
Tokyo Ghoul
98.1%
DeathNote
97.9%
Kiseijuu Sei no Kakuritsu
93.5%
Code Geass
92.9%
DeathParade
92.1%
Mirai Nikki
91.4%
Steins;Gate
90.7%
ElfenLied
86.9%
Neon Genesis Evangelion
85.6%
Boku Dake ga Inai Machi
84.9%
Mahou Shoujo Madoka Magica
84.7%
Re:Zero
84.1%
Danganronpa
80%
Darker Than Black
78.1%
Ergo Proxy
76.6%
Ghost in the Shell
73.6%
% Correct
Monster
67.9%
Zankyou no Terror
60.4%
Serial Experiments Lain
60.2%
Higurashi no Naku Koro ni
59.6%
Welcome to the NHK
58.3%
Psycho-Pass
56.3%
Btooom!
54.2%
The Monogatari series
46.9%
The Tatami Galaxy
45.8%
Shinsekai Yori
44.5%
One Outs
43.7%
Texhnolyze
38.7%
Gyakkyou Burai Kaiji
36.4%
Paranoia Agent
35%
Perfect Blue
32.3%
Zetsuen no Tempest
29.7%
Quiz Playlist
Details
Report
Send in Message
Add To Playlist
Slideshow:
Type answers based on single images at one time
Last Updated: Jul 31, 2017
Quiz Scoreboard
CHALLENGE
Sign Up to Join the Scoreboard
Show All
Scores
Hide
Comments
May contain spoilers
Recently Published
Street Fighter Characters
by Artimus82
Gaming
60s
9x9 Crossword: Cartoon Network
by jackfrog10
Miscellaneous
3m
College Basketball Coaching Resumes
by pancakes188
Sports
9m
More to Explore
Quiz From the Vault
Featured Blog Post
Where Did the Easter Bunny Come From?
hide this ad
You Might Also Like...
Tags
Anime Quiz
Psychological
Today's Top Quizzes in Entertainment
Browse Entertainment
hide this ad
Today's Top Quizzes in Anime
Browse Anime
Top Contributed Quizzes in Entertainment
1
7-to-1: DC Comics Villains
2
Marvel Characters Bunker
3
Eurovision 2023 Logic Puzzle
4
Dragon Ball Z: Goku's Fights in Order
5
Sorting Pictures: Villains
6
Criteria Quickie: Cartoon Taxonomy II
7
7-to-1: One Piece
8
Mini Trivia Sudoku: Musicals
9
Fictional Villains Letter U Blitz
10
Kamen Rider Motifs
Explore More
Trending Topics
Anime
Marvel
NBA
Kpop
Harry Potter
Disney
Crossword
NFL
Soccer
Pokémon
The Office
Country
WWE
Song
Puzzle
hide this ad
More By:
jpablojr
Quiz
Plays
Rating
Category
Featured
Created
Name the Weekly Shonen Jump manga/anime.
17,241
2.06
Literature
Aug 3, 2017
Shounen anime/manga
2,238
1.80
Television
Feb 1, 2017
Name the sports anime
605
2.00
Entertainment
Jun 15, 2017
Name my favorite Villains from Manga/Anime
571
2.60
Entertainment
Sep 30, 2017
Psychological anime
535
2.33
Entertainment
May 14, 2017
Go to Creator's Profile
Score Distribution
Quiz Creator Spotlight
jpablojr
Follow
Send a Message
Quizzes Created
-
Created Quiz Play Count
-
More By This Creator
Popular Quizzes Today
1
Find the US States - No Outlines Minefield
2
Find the Countries of Europe - No Outlines Minefield
3
The Countries of the World
4
Find the US States
5
Risky Map Clicking: Biggest States A-Z
6
US States
7
Popular People in 1961
8
Movies - When Are They Set?
More Entertainment Quizzes
Famous Brothers
Published
Trending Quizzes
Risky Map Clicking: Least Populous States A-Z
1-10 Letter G Words
Risky Map Clicking: Next State Alphabetically
Adjectives in 80s TV Shows
The Seven Year Switch: Catherine
Recently Updated
Leaping Animals
pecheneg
Reality TV Shows (A-Z)
bhenderson79
Rickey Henderson's Hall of Fame Teammates
pecheneg
Champions League XIs: Arsenal
pecheneg
Quick Pick: Celebrities in WWE's Hall of Fame
aduchscher
A-Z Keypad Blitz II
pecheneg
Multiple Oscar Actors
pecheneg
Mystery Phrase Blitz: Oscar 'Best Actors'
pecheneg
F. Scott Fitzgerald Novels
LTH
Pick 3 Villains
ddd62291
Trending Topics
NBA
Marvel
Kpop
Disney
Harry Potter
Anime
Crossword
Puzzle
WWE
Soccer
Pokémon
NFL
The Office
Country
Song
Your Account Isn't Verified!
In order to create a playlist on Sporcle, you need to verify the email address you used during registration. Go to your
Sporcle Settings
to finish the process.
Report this User
Report this user for behavior that violates our
Community Guidelines
.
Details:
Send Report
Go to the Sporcle.com Mobile Site →
Comments